header

Myth, metaphor and science / (Record no. 85361)

MARC details
000 -LEADER
fixed length control field 01633nam a2200409 i 4500
001 - CONTROL NUMBER
control field ebr10822281
003 - CONTROL NUMBER IDENTIFIER
control field CaPaEBR
006 - FIXED-LENGTH DATA ELEMENTS--ADDITIONAL MATERIAL CHARACTERISTICS--GENERAL INFORMATION
fixed length control field m o d
007 - PHYSICAL DESCRIPTION FIXED FIELD--GENERAL INFORMATION
fixed length control field cr cn|||||||||
008 - FIXED-LENGTH DATA ELEMENTS--GENERAL INFORMATION
fixed length control field 140117s2009 enka o 000 0 eng d
020 ## - INTERNATIONAL STANDARD BOOK NUMBER
Cancelled/invalid ISBN 9781905929733
International Standard Book Number 9781908258618 (e-book)
040 ## - CATALOGING SOURCE
Original cataloging agency CaPaEBR
Language of cataloging eng
Description conventions rda
-- pn
Transcribing agency CaPaEBR
050 14 - LIBRARY OF CONGRESS CALL NUMBER
Classification number PN228.M4
Item number .W355 2009eb
082 04 - DEWEY DECIMAL CLASSIFICATION NUMBER
Classification number 808
Edition number 23
100 1# - MAIN ENTRY--PERSONAL NAME
Personal name Wall, Alan.
245 10 - TITLE STATEMENT
Title Myth, metaphor and science /
Statement of responsibility, etc Alan Wall.
264 #1 - PRODUCTION, PUBLICATION, DISTRIBUTION, MANUFACTURE, AND COPYRIGHT NOTICE
Place of production, publication, distribution, manufacture Chester, [England] :
Name of producer, publisher, distributor, manufacturer Chester Academic Press,
Date of production, publication, distribution, manufacture, or copyright notice 2009.
Date of production, publication, distribution, manufacture, or copyright notice �2009
300 ## - PHYSICAL DESCRIPTION
Extent 1 online resource (102 pages) :
Other physical details illustrations
336 ## - CONTENT TYPE
Content type term text
Source rdacontent
337 ## - MEDIA TYPE
Media type term computer
Source rdamedia
338 ## - CARRIER TYPE
Carrier type term online resource
Source rdacarrier
500 ## - GENERAL NOTE
General note "Including 'The most beautiful experiment' by Goronwy Tudor Jones and Alan Wall."
588 ## - SOURCE OF DESCRIPTION NOTE
Source of description note Description based on print version record.
590 ## - LOCAL NOTE (RLIN)
Local note Electronic reproduction. Palo Alto, Calif. : ebrary, 2014. Available via World Wide Web. Access may be limited to ebrary affiliated libraries.
650 #0 - SUBJECT ADDED ENTRY--TOPICAL TERM
Topical term or geographic name as entry element Metaphor.
Topical term or geographic name as entry element Metaphor in literature.
Topical term or geographic name as entry element Literature and myth.
Topical term or geographic name as entry element Technical writing.
Topical term or geographic name as entry element Creative writing.
Topical term or geographic name as entry element Science
General subdivision Language.
655 #0 - INDEX TERM--GENRE/FORM
Genre/form data or focus term Electronic books.
776 08 - ADDITIONAL PHYSICAL FORM ENTRY
Display text Print version:
Main entry heading Wall, Alan.
Title Myth, metaphor and science.
Place, publisher, and date of publication Chester, [England] : Chester Academic Press, c2009
Physical description viii, 109 pages
International Standard Book Number 9781905929733
Record control number 2009396996
797 2# - LOCAL ADDED ENTRY--CORPORATE NAME (RLIN)
Corporate name or jurisdiction name as entry element ebrary.
856 40 - ELECTRONIC LOCATION AND ACCESS
Uniform Resource Identifier <a href="http://site.ebrary.com/lib/rucke/Doc?id=10822281">http://site.ebrary.com/lib/rucke/Doc?id=10822281</a>
Public note An electronic book accessible through the World Wide Web; click to view

No items available.

© 2026 Rongo University
Contact us: librarian | system librarian | Rongo university